[Event "SF Stadtlohn 1 - SV Heiden 1"]
[Site "Verbandsliga 2016/2017"]
[Date "2017.02.25"]
[Round "7.4"]
[White "Te Sligte, Bert"]
[Black "Sicking, Norbert"]
[Result "1-0"]
[WhiteElo "1828"]
[BlackElo "1781"]
[PlyCount "48"]
[EventDate "2017.??.??"]
[SourceDate "2016.09.26"]

1. e4 g6 2. d4 d6 3. Nf3 Bg7 4. c4 Bg4 5. Be2 Nf6 6. Nc3 O-O 7. O-O Nc6 8. d5
Bxf3 9. Bxf3 Ne5 10. Be2 c5 11. f4 Ned7 12. Be3 a6 13. a4 Ne8 14. Qd2 e5 15. f5
f6 16. fxg6 hxg6 17. Bg4 Nc7 18. Rad1 Nb6 19. b3 Qe7 20. Bxc5 dxc5 21. d6 Qd8
22. dxc7 Qxc7 23. Be6+ Kh7 24. Rf3 Rad8 1-0

[Event "SF Stadtlohn 1 - SV Heiden 1"]
[Site "Verbandsliga 2016/2017"]
[Date "2017.02.25"]
[Round "7.5"]
[White "Vestrick, Frank"]
[Black "Kloster, Daniel"]
[Result "1-0"]
[WhiteElo "1693"]
[BlackElo "1769"]
[PlyCount "145"]
[EventDate "2017.??.??"]
[SourceDate "2016.09.26"]

1. d4 e6 2. c4 d5 3. Nc3 Nf6 4. Nf3 Bb4 5. Bg5 c5 6. e3 Qa5 7. Bxf6 Bxc3+ 8.
bxc3 Qxc3+ 9. Nd2 gxf6 10. Rc1 Qb4 11. cxd5 exd5 12. Rxc5 Be6 13. Qc2 Ke7 14.
Rb5 Qd6 15. Rxb7+ Nd7 16. Bd3 Rhc8 17. Qb2 Rab8 18. O-O Rxb7 19. Qxb7 Rc7 20.
Qb2 Rc8 21. f4 f5 22. Qb1 Qa3 23. Nb3 a5 24. Bxf5 a4 25. Bxe6 Kxe6 26. Nc5+
Nxc5 27. dxc5 Qxe3+ 28. Kh1 Qxc5 29. Re1+ Kd6 30. Qxh7 Re8 31. Qh6+ Re6 32.
Qf8+ Kc6 33. Qc8+ Kd6 34. Rxe6+ fxe6 35. Qxc5+ Kxc5 36. h4 d4 37. Kg1 Kb4 38.
h5 d3 39. Kf2 Kc3 40. h6 d2 41. h7 d1=Q 42. h8=Q+ Kb4 43. Qb2+ Ka5 44. Qe5+ Kb4
45. Qxe6 Qd2+ 46. Kf3 Qd3+ 47. Qe3 Qf1+ 48. Kg3 Qc4 49. a3+ Ka5 50. Qe5+ Kb6
51. Qd6+ Kb7 52. f5 Qg8+ 53. Kf4 Qxg2 54. Qd7+ Kb6 55. Qd4+ Kc7 56. Qc5+ Kd8
57. Qd6+ Kc8 58. Qe7 Kb8 59. f6 Qh2+ 60. Kf5 Qh5+ 61. Ke6 Qg4+ 62. Kf7 Qh5+ 63.
Kg7 Qg4+ 64. Kf8 Qh4 65. Ke8 Qh8+ 66. Qf8 Qh5+ 67. Kd7+ Ka7 68. Qe7 Qd5+ 69.
Ke8+ Ka6 70. f7 Qc6+ 71. Qd7 Qe4+ 72. Kd8 Qh4+ 73. Kc7 1-0

[Event "SF Stadtlohn 1 - SV Heiden 1"]
[Site "Verbandsliga 2016/2017"]
[Date "2017.02.25"]
[Round "7.6"]
[White "Bußwolder, Peter"]
[Black "Wetter, Ralf"]
[Result "0-1"]
[WhiteElo "1734"]
[BlackElo "1884"]
[PlyCount "84"]
[EventDate "2017.??.??"]
[SourceDate "2016.09.26"]

1. d4 Nf6 2. c4 g6 3. Nc3 Bg7 4. e4 d6 5. Bd3 O-O 6. Nge2 e5 7. d5 Na6 8. O-O
Nc5 9. b4 Nxd3 10. Qxd3 Nh5 11. Be3 f5 12. f3 f4 13. Bf2 g5 14. c5 Nf6 15. Rac1
h5 16. cxd6 cxd6 17. Nb5 Ne8 18. Nxa7 Bd7 19. Nc3 g4 20. fxg4 hxg4 21. Nab5 Qg5
22. g3 f3 23. Be3 Qh5 24. Rf2 Kf7 25. Nd1 Rh8 26. Nc7 Nxc7 27. Rxc7 Ke7 28. Qd2
Bf6 29. Rxb7 Rh7 30. Rc7 Rah8 31. Ra7 Qh3 32. Nc3 Qxg3+ 33. Kh1 Qh3 34. Bg5 g3
35. Bxf6+ Kxf6 36. Rxf3+ Kg6 37. Ra6 Qxh2+ 38. Qxh2 Rxh2+ 39. Kg1 Rh1+ 40. Kg2
Bg4 41. Rxd6+ Kg7 42. Rxg3 R8h2# 0-1

[Event "SF Stadtlohn 1 - SV Heiden 1"]
[Site "Verbandsliga 2016/2017"]
[Date "2017.02.25"]
[Round "7.7"]
[White "Niewerth, Gerd"]
[Black "Wensing, Herbert"]
[Result "1-0"]
[WhiteElo "1766"]
[BlackElo "1689"]
[PlyCount "139"]
[EventDate "2017.??.??"]
[SourceDate "2016.09.26"]

1. e4 e5 2. Nf3 Nf6 3. Nxe5 d6 4. Nf3 Nxe4 5. d4 d5 6. Be2 Bd6 7. O-O O-O 8.
Be3 Nd7 9. c4 c6 10. Nc3 Ndf6 11. h3 h6 12. Re1 Re8 13. Rc1 Ng3 14. cxd5 Nxd5
15. Nxd5 cxd5 16. Bb5 Bb4 17. fxg3 Bxe1 18. Qxe1 Re6 19. Qd2 Rg6 20. Bf4 Be6
21. Bd3 f5 22. Be5 Bd7 23. Nh4 Rc6 24. Rxc6 bxc6 25. Bxf5 g5 26. Bxd7 Qxd7 27.
Nf3 Re8 28. Qc2 Re6 29. Nh2 Qb7 30. Ng4 Qe7 31. Qf5 Qf7 32. Nf6+ Kf8 33. g4 Ke7
34. Nh5 Kf8 35. Qxf7+ Kxf7 36. Kf2 c5 37. Ke3 c4 38. Kd2 Ra6 39. a3 Rb6 40. Kc2
Rb3 41. Ng3 Re3 42. Bb8 a5 43. Be5 a4 44. Bc7 Re1 45. Nf5 Kg6 46. g3 h5 47. Be5
hxg4 48. hxg4 Kf7 49. Nd6+ Ke6 50. Nb5 Re2+ 51. Kc1 Re1+ 52. Kd2 Rb1 53. Kc2
Re1 54. Nc7+ Kd7 55. Nxd5 Kc6 56. Nc3 Rf1 57. Nxa4 Kd5 58. Nb6+ Ke4 59. Nxc4
Rf2+ 60. Kc3 Rf3+ 61. Kb4 Kd5 62. a4 Rf8 63. a5 Kc6 64. b3 Ra8 65. Ka4 Ra7 66.
b4 Rb7 67. a6 Ra7 68. b5+ Kd5 69. Nb6+ Ke6 70. Bb8 1-0

[Event "SF Stadtlohn 1 - SV Heiden 1"]
[Site "Verbandsliga 2016/2017"]
[Date "2017.02.25"]
[Round "7.8"]
[White "Sholeh, Othman"]
[Black "Bohn, Andreas"]
[Result "1/2-1/2"]
[WhiteElo "1400"]
[BlackElo "1842"]
[PlyCount "125"]
[EventDate "2017.??.??"]
[SourceDate "2016.09.26"]

1. e4 c5 2. Nf3 d6 3. Nc3 e6 4. d4 cxd4 5. Nxd4 a6 6. Bd3 Nf6 7. O-O Be7 8. h3
O-O 9. Be3 b5 10. a3 Bb7 11. Qc1 Nbd7 12. Nf3 Nc5 13. Bxc5 dxc5 14. e5 Nd5 15.
Nxd5 Bxd5 16. Qe3 Qc7 17. Be4 Rad8 18. Rad1 Qc6 19. Bxd5 Rxd5 20. Rxd5 Qxd5 21.
Re1 h6 22. Re2 Qd1+ 23. Kh2 Bg5 24. Nxg5 hxg5 25. Rd2 Qc1 26. b4 c4 27. Qc3 Kh7
28. Rd6 Qf4+ 29. Qg3 Ra8 30. Rd7 Kg6 31. c3 Qxg3+ 32. Kxg3 a5 33. Rb7 axb4 34.
axb4 Ra3 35. Rxb5 Rxc3+ 36. f3 Rb3 37. Rb7 c3 38. Rc7 Kf5 39. Rc5 Rxb4 40. Rxc3
Kxe5 41. Rc7 Kf6 42. Rc6 Rd4 43. Ra6 Kf5 44. Ra2 g6 45. Re2 f6 46. Re3 e5 47.
Ra3 Ke6 48. Ra6+ Rd6 49. Ra8 f5 50. Rg8 Kf7 51. Ra8 Rd2 52. Ra6 f4+ 53. Kh2 Re2
54. Kg1 e4 55. fxe4 Rxe4 56. Kf2 Re6 57. Ra3 Kg7 58. g3 Rb6 59. gxf4 gxf4 60.
Kf3 Rf6 61. Kg4 Kh6 62. Rf3 g5 63. h4 1/2-1/2